Experiencing poverty : (Record no. 8778)

MARC details
000 -LEADER
fixed length control field 00792nam a22002412 4500
001 - CONTROL NUMBER
control field 0000019033
005 - DATE AND TIME OF LATEST TRANSACTION
control field 20151217152143.0
008 - FIXED-LENGTH DATA ELEMENTS--GENERAL INFORMATION
fixed length control field 100901s xx 000 0 eng d
020 ## - INTERNATIONAL STANDARD BOOK NUMBER
International Standard Book Number 0205547958 :
040 ## - CATALOGING SOURCE
Original cataloging agency KABU
Transcribing agency KABU
100 1# - MAIN ENTRY--PERSONAL NAME
Personal name Eitzen, D. Stanley.
-- 0000178582
245 10 - TITLE STATEMENT
Title Experiencing poverty :
Remainder of title voices from the bottom /
Statement of responsibility, etc. D. Stanley Eitzen, Kelly Eitzen Smith.
250 ## - EDITION STATEMENT
Edition statement 2nd ed.
260 ## - PUBLICATION, DISTRIBUTION, ETC. (IMPRINT)
Place of publication, distribution, etc. Boston :
Name of publisher, distributor, etc. Pearson,
Date of publication, distribution, etc. 2009.
300 ## - PHYSICAL DESCRIPTION
Extent x, 230 p.
650 #0 - SUBJECT ADDED ENTRY--TOPICAL TERM
Topical term or geographic name as entry element Poverty
Geographic subdivision United States.
-- 0000178583
650 #0 - SUBJECT ADDED ENTRY--TOPICAL TERM
Topical term or geographic name as entry element Poor
Geographic subdivision United States.
-- 0000153023
651 #0 - SUBJECT ADDED ENTRY--GEOGRAPHIC NAME
Geographic name United States
General subdivision Economic conditions
Chronological subdivision 1945-.
-- 0000152843
700 1# - ADDED ENTRY--PERSONAL NAME
Personal name Smith, Kelly Eitzen.
-- 0000178584
852 1# - LOCATION
-- p2600 KES
908 ## - PUT COMMAND PARAMETER (RLIN)
Put command parameter 100901
950 ## - LOCAL HOLDINGS (RLIN)
-- 1
Holdings
Withdrawn status Lost status Source of classification or shelving scheme Not for loan Home library Current library Date acquired Total Checkouts Full call number Barcode Date last seen Date last checked out Price effective from Koha item type
    Library of Congress Classification   Kabarak, Main Campus Kabarak, Main Campus 17/12/2015 1 HV91 .E38 2009 c. 1 24193 02/08/2024 18/01/2016 17/12/2015 General Collection
Designed with assistance from East African Informatics Ltd